000 00665nam a2200205 i 4500
001 180717
003 ES-MaACL
005 20231220202831.0
008 120702q1956 sp |||| |dspa d
080 _a821.134.2-31"19"
100 1 _aRamón y Cajal, Santiago,
_d1852-1934
_9226468
245 1 0 _aA secreto agravio, secreta venganza /
_cSantiago Ramón y Cajal ; portada de Coll.
260 _aBarcelona :
_bEdiciones G.P.,
_c[ca. 1956]
300 _a64 p. ;
_c11 cm.
490 1 _aEnciclopedia pulga ;
_v238
700 1 _aColl, Alejandro.
_939607
830 1 _aEnciclopedia pulga ;
_v238
_9191296
852 4 _aES-MaACL
_j2311-F-25
999 _c180717
_d180717